| 000 | 00000nam 2200000za 4500 |
| 001 | 9.822256 |
| 003 | CaOODSP |
| 005 | 20250611103735 |
| 007 | cr ||||||||||| |
| 008 | 160809s2011 onc|||||o f|0| 0 ind d |
| 040 | |aCaOODSP|bfre |
| 043 | |an-cn--- |
| 086 | 1 |aA15-11516/2011Ind-PDF|zA15-11516/2011Id-PDF |
| 245 | 01|a[Canneberge canadienne |h[ressource électronique] : |btrésor acidulé]. |
| 246 | 13|aCranberry Kanada : |bKue Tarcis yang Nikmat |
| 250 | |a[Édition indonésien]. |
| 260 | |a[Ottawa : |bAgriculture et Agroalimentaire Canada, |cc2011]. |
| 300 | |a2 p. : |bphotographies. |
| 500 | |aTitre français fourni par l'éditeur. |
| 500 | |aPublié aussi en français sous le titre : Canneberge canadienne : trésor acidulé. |
| 500 | |aPublié aussi en japonais, coréen, espagnol, italien, et anglais. |
| 520 | |aLa canneberge est une plante indigène des provinces de l’Atlantique du Canada, où elle existe à l’état sauvage. Elle représente de nos jours une industrie très importante dans plusieurs provinces canadiennes. En fait, le Canada est le second producteur en importance de ce fruit rouge acidulé. ... |
| 546 | |aTexte en indonésien. |
| 692 | 07|2gccst|aIndustrie agro-alimentaire |
| 693 | 4|aCanneberge |
| 710 | 1 |aCanada. |bAgriculture et agroalimentaire Canada. |
| 775 | 08|tCanneberge canadienne : |w(CaOODSP)9.639262 |
| 791 | |t[Canadian cranberries |eeng|w(CaOODSP)9.822252 |
| 856 | 40|qPDF|s362 Ko|uhttps://publications.gc.ca/collections/collection_2016/aac-aafc/A15-11516-2011-ind.pdf |
| 986 | |aAAFC No. 11516IND |